| 000 | 00886cad a22002175a 4500 | ||
|---|---|---|---|
| 001 | L154681 | ||
| 008 | 120112s2011 xxk f 000 0 eng d | ||
| 035 | _a(Sirsi) u154681 | ||
| 041 | 0 | _aeng | |
| 110 | 2 |
_aConfederation of British Industry _9414 |
|
| 245 | 0 | 0 |
_aWinning overseas _bboosting business export performance _h[electronic resource] |
| 260 |
_a[S.l.] _bCBI _c2011 |
||
| 520 | _aThis report discusses the challenges and opportunities facing the UK's export sector and the construction sector is referred to. | ||
| 590 | _aKA NTK | ||
| 651 | 4 |
_aUnited Kingdom _y |
|
| 651 | 4 | _aInternational | |
| 690 |
_aConstruction management _96230 |
||
| 710 | 1 |
_aErnst and Young _93056 |
|
| 856 | 4 | 0 |
_uhttps://www.ey.com/Publication/vwLUAssets/Winning_overseas_-_boosting_business_export_performance/$FILE/EY_Winning_overseas.pdf _zView the item free of charge at www.ey.com |
| 942 | _n0 | ||
| 999 |
_c113102 _d113102 |
||